Paradigm wars: (Record no. 58969)
[ view plain ]
| 000 -LEADER | |
|---|---|
| fixed length control field | 00564nam a22001697a 4500 |
| 008 - FIXED-LENGTH DATA ELEMENTS--GENERAL INFORMATION | |
| fixed length control field | 240214b ||||| |||| 00| 0 eng d |
| 020 ## - INTERNATIONAL STANDARD BOOK NUMBER | |
| International Standard Book Number | 978187034125 |
| 050 ## - LIBRARY OF CONGRESS CALL NUMBER | |
| Classification number | BV2063 |
| Item number | .E38 2000 |
| 100 ## - MAIN ENTRY--PERSONAL NAME | |
| Personal name | Eitel, Keith E. |
| 245 ## - TITLE STATEMENT | |
| Title | Paradigm wars: |
| Remainder of title | the southern Baptist international mission board faces third millennium \ |
| Statement of responsibility, etc | Keith E. Eitel |
| 300 ## - PHYSICAL DESCRIPTION | |
| Extent | x,139 p.; |
| Dimensions | 23 cm. |
| 500 ## - GENERAL NOTE | |
| General note | Includes bibliography |
| 650 ## - SUBJECT ADDED ENTRY--TOPICAL TERM | |
| Topical term or geographic name as entry element | Missions |
| Form subdivision | Theory |
| General subdivision | History of doctrines. |
| 650 ## - SUBJECT ADDED ENTRY--TOPICAL TERM | |
| Topical term or geographic name as entry element | Missions |
| Form subdivision | Theory. |
| 650 ## - SUBJECT ADDED ENTRY--TOPICAL TERM | |
| Topical term or geographic name as entry element | Christianity and other religions. |
| 942 ## - ADDED ENTRY ELEMENTS (KOHA) | |
| Source of classification or shelving scheme | Library of Congress Classification |
| Item type | Book |
| Withdrawn status | Lost status | Source of classification or shelving scheme | Damaged status | Not for loan | Collection code | Home library | Current library | Shelving location | Date acquired | Source of acquisition | Cost, normal purchase price | Full call number | Barcode | Date last seen | Copy number | Price effective from | Koha item type | Total Checkouts | Date last borrowed |
|---|---|---|---|---|---|---|---|---|---|---|---|---|---|---|---|---|---|---|---|
| Library of Congress Classification | Non-fiction | Bishop Okullu Memorial Library (Limuru Campus) | Bishop Okullu Memorial Library (Limuru Campus) | General Circulation | 14/02/2024 | donation | 400.00 | BV2063 .E38 2000 | 071138 | 14/02/2024 | 2 | 14/02/2024 | Book | ||||||
| Library of Congress Classification | Non-fiction | Bishop Okullu Memorial Library (Limuru Campus) | Bishop Okullu Memorial Library (Limuru Campus) | General Circulation | 14/02/2024 | donation | 400.00 | BV2063 .E38 2000 | 071140 | 04/06/2024 | 4 | 14/02/2024 | Book | 2 | 31/05/2024 | ||||
| Library of Congress Classification | Non-fiction | Bishop Okullu Memorial Library (Limuru Campus) | Bishop Okullu Memorial Library (Limuru Campus) | General Circulation | 14/02/2024 | donation | 400.00 | BV2063 .E38 2000 | 071141 | 14/02/2024 | 5 | 14/02/2024 | Book | ||||||
| Library of Congress Classification | Non-fiction | Bishop Okullu Memorial Library (Limuru Campus) | Bishop Okullu Memorial Library (Limuru Campus) | General Circulation | 14/02/2024 | donation | 400.00 | BV2063 .E38 2000 | 071142 | 14/02/2024 | 6 | 14/02/2024 | Book | ||||||
| Library of Congress Classification | Non-fiction | Bishop Okullu Memorial Library (Limuru Campus) | Bishop Okullu Memorial Library (Limuru Campus) | General Circulation | 14/02/2024 | donation | 400.00 | BV2063 .E38 2000 | 071143 | 14/02/2024 | 7 | 14/02/2024 | Book | ||||||
| Library of Congress Classification | Non-fiction | Joshua & Timothy School of Theology Library (JTSOT) | Joshua & Timothy School of Theology Library (JTSOT) | General Circulation | 14/02/2024 | donation | 400.00 | BV2063 .E38 2000 | 071144 | 14/02/2024 | 8 | 14/02/2024 | Book | ||||||
| Library of Congress Classification | Non-fiction | Joshua & Timothy School of Theology Library (JTSOT) | Joshua & Timothy School of Theology Library (JTSOT) | General Circulation | 14/02/2024 | donation | 400.00 | BV2063 .E38 2000 | 071145 | 14/02/2024 | 9 | 14/02/2024 | Book | ||||||
| Library of Congress Classification | Non-fiction | Nairobi Campus | Nairobi Campus | General Circulation | 14/02/2024 | donation | 400.00 | BV2063 .E38 2000 | 071137 | 14/02/2024 | 1 | 14/02/2024 | Book | ||||||
| Library of Congress Classification | Non-fiction | Nairobi Campus | Nairobi Campus | General Circulation | 14/02/2024 | donation | 400.00 | BV2063 | 071139 | 14/02/2024 | 3 | 14/02/2024 | Book | ||||||
| Library of Congress Classification | Non-fiction | Nakuru Campus | Nakuru Campus | General Circulation | 14/02/2024 | donation | 400.00 | BV2063 .E38 2000 | 071146 | 14/02/2024 | 10 | 14/02/2024 | Book | ||||||
| Library of Congress Classification | Non-fiction | Nakuru Campus | Nakuru Campus | General Circulation | 14/02/2024 | donation | 400.00 | BV2063 .E38 2000 | 071147 | 14/02/2024 | 11 | 14/02/2024 | Book |